skbl

Dr Suryya Kumar Bhuyan Library Web-OPAC
ডঃ সূৰ্য্য
কুমাৰ ভূঞা পুথিভঁৰাল ৱেব-অ'পেক

All Research Scholars are advised to clear the annual library fees to continue using Library Resources, Remote Access, Plagiarism Test and Library Clearance.

Cotton University Book Fair 2026

Maakam (Record no. 54547)

MARC details
000 -LEADER
fixed length control field 00381nam a2200145Ia 4500
001 - CONTROL NUMBER
control field 54592
008 - FIXED-LENGTH DATA ELEMENTS--GENERAL INFORMATION
fixed length control field 120327n ii |||gr||||Z||||||asm
020 ## - INTERNATIONAL STANDARD BOOK NUMBER
International Standard Book Number 978-81-920061-0-9
082 ## - DEWEY DECIMAL CLASSIFICATION NUMBER
Classification number 891
-- 891.413
100 ## - MAIN ENTRY--PERSONAL NAME
Personal name Choudhury,
Relator term Rita.,
245 #0 - TITLE STATEMENT
Title Maakam
Statement of responsibility, etc. Dr Rita Choudhury
Medium Textual Documents
260 ## - PUBLICATION, DISTRIBUTION, ETC.
Place of publication, distribution, etc. Guwahatia:
Name of publisher, distributor, etc. Jyoti Prakashan,
Date of publication, distribution, etc. 2010.
300 ## - PHYSICAL DESCRIPTION
Extent 606p.
942 ## - ADDED ENTRY ELEMENTS (KOHA)
Source of classification or shelving scheme Dewey Decimal Classification
Koha item type Books
Holdings
Withdrawn status Lost status Damaged status Not for loan Home library Current library Shelving location Date acquired Coded location qualifier Cost, normal purchase price Total checkouts Full call number Barcode Date last seen Copy number Price effective from Koha item type
        Dr. Suryya Kumar Bhuyan Library Dr. Suryya Kumar Bhuyan Library   27/03/2012 00000 250.00   891.413 Ch gift-new 14/01/2024 1 27/03/2012 Books

Designed and Maintained by Team SKBL
©1901-2026

Powered by Koha